000 00517nam a22001697a 4500
005 20251108164146.0
008 250721s9999 xx 000 0 ara d
082 1 4 _a041/ملا
100 1 _aالملاح، نديم
245 1 0 _aمختارات في اللغة و الأدب /
264 1 _aعمان :
_bوزارة الثقافة،
_c[19-].
300 _a95ص.
490 0 _aسلسلة إحياء التراث الأردني ؛ 5
650 1 7 _aالمقالات العربية
942 _2ddc
_cBK
999 _c5127
_d5127